MARC

LEADER 00000nam^a2200000^a^4500
001 000335236
005 20250521000000.0
008 131024 19811981
009 20260310114225.248
020 |a 968-34-0149-X 
025 |a Donación Onésimo Gómez, 1 ejemplar 
037 |a Acervo ITESO - Biblioteca 
041 |a ESP 
082 |a 920. 02  |b COL V. 1 
100 |a Pugnetti, Gino  |e (autor) 
240 1 5 |a [Los grandes de todos los tiempos: Beethoven] 
240 1 5 |a [Los grandes de todos los tiempos: Chopin] 
245 1 0 |a Beethoven /  |c G. Pugnetti ; versión y tr. por J. García Aráez, P. Barceló. 
246 2 |a Título en la cubierta: Colosos de la historia: Beethoven, Chopin 
264 4 |a México :  |b Promexa,  |c 1981, c1981 
300 |a 151 p. 
336 |a texto  |b txt  |2 rdacontenido 
337 |a sin mediación  |b n  |2 rdamedio 
338 |a volumen  |b nc  |2 rdasoporte 
440 1 |a (Colosos de la Historia) 
500 |a Traducción de: I grandi di tutti tempi: Beethoven 
500 |a Traducción de: I grandi di tutti tempi: Chopin 
545 0 |a Nacido en Bonn en 1770 y muerto en Viena en 1827, Ludwig van Beethoven es, sin duda, uno de los grandes genios de la música universal. Niño prodigio, a los ocho años dio su primer concierto de piano; formado inicialmente con su padre, en 1792 se estableció en Viena, donde estudió con Haydn, Schenk, Albrechtsberger y Salieri. Tres años después debutó en un concierto público como compositor y aparecieron también publicadas sus primeras creaciones. Considerado el precursor del tránsito del clasicismo al romanticismo, produjo una obra inicial alegre y plena de fantasía, a la que le sucederían trabajos intensos, con nuevos sonidos y experimentos audaces, llenos de contrastes, de tono heroico y épico, acordes en gran medida con el contexto revolucionario que vivía Europa. Sus creaciones son calificadas de manifestaciones perfectas, particularmente sus sinfonías, conciertos y sonatas para piano; de hecho estas últimas constituyen, en opinión de la crítica, el ciclo más complejo y amplio en la historia del piano. La extensa obra de Beethoven incluye 9 sinfonías; 1 ópera; 2 misas; 3 cantatas; 32 sonatas para piano; 5 conciertos para piano; 1 concierto para violín; 1 concierto para violín y cello; 1 concierto para violín, cello, piano y orquesta; 16 cuartetos de cuerdas; 10 sonatas para violín y piano; 5 sontas para cello y piano; 1 gran fuga para cuarteto de cuerdas; y numerosas oberturas, obras de cámara, bagatelas para piano, series de variaciones y arreglos a canciones populares. 
545 0 |a Considerado el más grande compositor polaco y uno de los pianistas de primer nivel en la historia de la música, Frédéric Chopin (Zelazowa Wola, 1810 – París, 1849) mostró a muy temprana edad sus habilidades artísticas, componiendo a los siete años su obra inicial, una polonesa en sol menor, a las que seguirían pronto otras polonesas, marchas y variaciones. Estudió piano, teoría y composición con Wilhelm Würfel, Zywny Wojciech y Joseph Elsner. Visitas al interior del país le permitieron entrar en contacto con la música folklórica y judía, conocimiento que se expresaría luego en la estilización e inspiración de formas musicales de esa tradición, como la mazurca y la polonesa. Son rasgos de una estética romántica que incluye también el dominio de la lírica sobre la realidad y el gusto por piezas breves (nocturno, balada, etc.) y formas clásicas abordadas con modos innovadores. Muy joven todavía logró el reconocimiento internacional, dejando Polonia en 1830; tras unos meses en Viena, se estableció definitivamente en París, donde sus conciertos “íntimos” (para pocas personas, normalmente con cultura musical) se convirtieron en todo un éxito de crítica. Además de la música tradicional de su país, fue un gran admirador de Bach, Mozart, la ópera italiana y los clavecinistas franceses. Chopin fue un romántico, pero un romántico revolucionario, que combina en su música la melancolía con la exaltación. La crítica reconoce en sus composiciones un tempo elástico y flexible en función de las necesidades de expresión musical y lo califica como inventor de una nueva manera de tocar el piano, caracterizada por el dinamismo y la exploración del timbre. Pese a su temprana muerte, dejó una obra importante en la que destacan 61 mazurcas, 26 preludios, 26 valses, 20 polonesas, 18 nocturnos, 4 sonatas y 2 conciertos para piano y orquesta. 
649 |a XX 
650 |a Músicos Alemanes 
650 |a Músicos Polacos 
650 |a Artistas Alemanes 
650 |a Artistas Polacos 
650 |a Música Clásica -  |z Alemania -  |x Historia y Crítica 
650 |a Música Clásica -  |x Historia y Crítica 
650 |a Música Romántica -  |z Polonia -  |x Historia y Crítica 
650 |a Música Romántica -  |x Historia y Crítica 
650 |a Música de Concierto -  |z Alemania -  |x Historia y Crítica 
650 |a Música de Concierto -  |z Polonia -  |x Historia y Crítica 
650 |a Música de Concierto -  |x Historia y Crítica 
650 |a Música Alemana -  |x Historia y Crítica 
650 |a Música Alemana -  |y Siglo XVIII 
650 |a Música Alemana -  |y Siglo XIX 
650 |a Música Polaca -  |x Historia y Crítica 
650 |a Música Polaca -  |y Siglo XIX 
650 |a Música -  |x Historia y Crítica 
650 |a Beethoven, Ludwig van -  |x Tema Principal 
650 |a Chopin, Frédéric -  |x Tema Principal 
740 0 |a Chopin /  |c A. Murgia ; versión y tr. por J. Rodríguez Padrón. 
700 |a Murgia, Adelaide  |e (autor) 
700 |a García Aráez, Josefina  |e (versión y traducción) 
700 |a Barceló, Pedro  |e (versión y traducción) 
700 |a Rodríguez Padrón, Jorge  |e (versión y traducción) 
910 |a Fondo General 
920 |a Impresos - Libros 
930 |a Colección General 
905 |a 101 
901 |a 0500224913  |b IT1  |c ACC  |i D  |u 20250521 
902 |a https://opac.biblio.iteso.mx/vufind/Record/000335236